| 000 | 00573nam a2200157 a 4500 | ||
|---|---|---|---|
| 001 | 4250 | ||
| 003 | CDMR | ||
| 005 | 20131128105825.0 | ||
| 008 | 130130s1996||||||||||||||||||||||||||||d | ||
| 040 |
_aCDMR _bcat _cCDMR |
||
| 110 | 1 |
_94391 _aConsell de la Informació de Catalunya |
|
| 245 | 0 |
_aConsell de la Informació de Catalunya _b: ens comissionat per a vetllar per l'acompliment i observança del Codi Deontològic de la professió periodística a Catalunya |
|
| 260 |
_aBarcelona _c1996 _bCol.legi de Periodistes de Catalunya |
||
| 300 |
_a[8] f ; _c30 cm |
||
| 942 |
_cMON _2udc |
||
| 999 |
_c4250 _d4250 |
||